000 00644nam a2200229 a 4500
001 BRCA_7211
005 20190320205743.0
008 170112s1940----u--af#####---#000-0#eng-#
041 _aeng
044 _au
050 4 _aNE1030
_b.W66
245 1 0 _aWoodcuts and engravings
_cSachs and Dudley.
260 _aNewton, Mass
_bThe University Prints
_c[1940]
300 _a1 estuche con láminas
_bil., 120 láminas
_c21 cm.
440 0 _aUniversity Prints. Student series
_vL
_917865
500 _aP106
650 1 4 _aGrabados en madera
_917866
700 1 _aSachs
_eed.
_917867
700 1 _aDudley
_eed.
_917868
902 _aGFM
942 _2lcc
_cB
999 _c6892
_d6892